Statistics for WWII A-Z #2

Click here to take the quiz!

General Stats

  • This quiz has been taken 24,412 times
  • The average score is 16 of 25

Answer Stats

Letter Hint Answer % Correct
HCity hit by an atomic bombHiroshima
95%
SSoviet dictatorJoseph Stalin
94%
PU.S. Naval base attacked in 1941Pearl Harbor
90%
ANazi "master race"Aryan
87%
KHitler's manifestoMein {Kampf}
86%
WCity whose ghetto had
400,000 Jews
Warsaw
86%
LRussian city beseiged
for 3 years
Leningrad
83%
ESupreme Allied commanderDwight D.
Eisenhower
78%
DGerman city destroyed
by firebombs
Dresden
77%
VRiver on which Stalingrad liesVolga
71%
IIsland where U.S. Marines
raised a flag
Iwo Jima
70%
RGerman commander in AfricaErwin Rommel
68%
NPrimary language of
Native American code-talkers
Navajo
64%
MPacific Theater turning pointBattle of {Midway}
64%
UOne of the American beaches
on D-Day
{Utah} Beach
58%
TYugoslav partisan leaderJosip Broz Tito
53%
GLuftwaffe commanderHermann Göring
51%
OBitter Pacific battle of 1945Okinawa
50%
FNickname of the B-17 bomberFlying {Fortress}
50%
CLeader of ChinaChiang Kai-Shek
38%
ZGas chamber chemical{Zyklon} B
38%
YJapan's top admiralIsoroku
Yamamoto
36%
JGerman word for hunter,
or light infantry
Jäger
35%
BBritish codebreaking site{Bletchley} Park
35%
Q1943 US/UK conference siteQuebec
22%

Score Distribution

Percentile by Number Answered

Percent of People with Each Score

Your Score History

You have not taken this quiz